Report (Record no. 535550)

MARC details
000 -LEADER
fixed length control field 00897nam a2200241Ia 4500
003 - CONTROL NUMBER IDENTIFIER
control field OSt
005 - DATE AND TIME OF LATEST TRANSACTION
control field 20220925200133.0
008 - FIXED-LENGTH DATA ELEMENTS--GENERAL INFORMATION
fixed length control field 220923b |||||||| |||| 00| 0 eng d
037 ## - SOURCE OF ACQUISITION
Terms of availability General Book
040 ## - CATALOGING SOURCE
Original cataloging agency RTL
Transcribing agency RTL
Language of cataloging eng
041 ## - LANGUAGE CODE
Source of code eng
Language code of text/sound track or separate title eng
110 ## - MAIN ENTRY--CORPORATE NAME
Corporate name or jurisdiction name as entry element Orissa, Government of ....(Political and Services Department). Technical Manpower (Committee)(Chairman : P. Parija)(1955)
9 (RLIN) 261842
245 #0 - TITLE STATEMENT
Title Report
260 ## - PUBLICATION, DISTRIBUTION, ETC.
Place of publication, distribution, etc. Cuttack
Name of publisher, distributor, etc. Government Press India
Date of publication, distribution, etc. 1957
300 ## - PHYSICAL DESCRIPTION
Extent 99p. Appendix p.33-99
Dimensions cm.
650 ## - SUBJECT ADDED ENTRY--TOPICAL TERM
Topical term or geographic name entry element Technical Labour Economics
9 (RLIN) 230410
700 ## - ADDED ENTRY--PERSONAL NAME
Personal name Orissa, Government of ....(Political and Services Department). Technical Manpower (Committee)(Chairman : P. Parija)(1955)
9 (RLIN) 261843
942 ## - ADDED ENTRY ELEMENTS (KOHA)
Classification part X:99T.271.N55t, J7/GD
Koha item type General Books
Source of classification or shelving scheme Colon Classification (CC)

No items available.

Copyright @ Delhi University Library System